00341nam a2200121Ia 450000500170000000800410001708200130005810000130007124500250008426000420010930000220015150000460017320250616011136.0240331s9999 xx 000 0 und d bPERa303 aPerera,J 0aYuddhayada samayada? aColombobNational Peace Councilc1998 a103 p ., ( C 2 ) aA series of Analysing the ethnic Struggle